Public finance (Record no. 1478)

MARC details
000 -LEADER
fixed length control field 00498cam a2200205ua 4500
001 - CONTROL NUMBER
control field 1591
005 - DATE AND TIME OF LATEST TRANSACTION
control field 20260515113345.0
008 - FIXED-LENGTH DATA ELEMENTS--GENERAL INFORMATION
fixed length control field 110712n ii |||gr||||Z||||||eng
020 ## - INTERNATIONAL STANDARD BOOK NUMBER
International Standard Book Number 0-7069-1459-7
040 ## - CATALOGING SOURCE
Transcribing agency MAIN
082 ## - DEWEY DECIMAL CLASSIFICATION NUMBER
Classification number 336
100 1# - MAIN ENTRY--PERSONAL NAME
Personal name Ahuja, H. L.,
Relator term Author.
245 1# - TITLE STATEMENT
Title Public finance
Statement of responsibility, etc. by H. L. Ahuja
250 ## - EDITION STATEMENT
Edition statement 6th.
260 ## - PUBLICATION, DISTRIBUTION, ETC.
Place of publication, distribution, etc. New Delhi:
Name of publisher, distributor, etc. Vikas Publishing house pvt. ltd,982.
300 ## - PHYSICAL DESCRIPTION
Extent 614p:
Dimensions 23cm.
653 ## - INDEX TERM--UNCONTROLLED
Uncontrolled term Economics
653 ## - INDEX TERM--UNCONTROLLED
Uncontrolled term public finance
942 ## - ADDED ENTRY ELEMENTS (KOHA)
Koha item type Books
Holdings
Withdrawn status Lost status Damaged status Not for loan Home library Current library Shelving location Date acquired Total checkouts Full call number Barcode Date last seen Copy number Price effective from Koha item type
        Naharkatiya College Library Naharkatiya College Library General stacks 09/19/2020   336 | AHU 17032 09/19/2020 1 09/19/2020 Books